<?xml version="1.0" encoding="UTF-8"?><?xml-stylesheet type="text/xsl" href="static/style.xsl"?><OAI-PMH xmlns="http://www.openarchives.org/OAI/2.0/" xmlns:xsi="http://www.w3.org/2001/XMLSchema-instance" xsi:schemaLocation="http://www.openarchives.org/OAI/2.0/ http://www.openarchives.org/OAI/2.0/OAI-PMH.xsd"><responseDate>2026-06-07T23:45:18Z</responseDate><request verb="GetRecord" identifier="oai:docta.ucm.es:20.500.14352/73751" metadataPrefix="marc">https://docta.ucm.es/rest/oai/request</request><GetRecord><record><header><identifier>oai:docta.ucm.es:20.500.14352/73751</identifier><datestamp>2023-07-13T02:21:13Z</datestamp><setSpec>com_20.500.14352_1</setSpec><setSpec>col_20.500.14352_2</setSpec></header><metadata><record xmlns="http://www.loc.gov/MARC21/slim" xmlns:dcterms="http://purl.org/dc/terms/" xmlns:xsi="http://www.w3.org/2001/XMLSchema-instance" xmlns:doc="http://www.lyncode.com/xoai" xsi:schemaLocation="http://www.loc.gov/MARC21/slim http://www.loc.gov/standards/marcxml/schema/MARC21slim.xsd">
   <leader>00925njm 22002777a 4500</leader>
   <datafield ind2=" " ind1=" " tag="042">
      <subfield code="a">dc</subfield>
   </datafield>
   <datafield ind2=" " ind1=" " tag="720">
      <subfield code="a">Robledo, Amanda</subfield>
      <subfield code="e">author</subfield>
   </datafield>
   <datafield ind2=" " ind1=" " tag="260">
      <subfield code="c">2009-06-01</subfield>
   </datafield>
   <datafield ind2=" " ind1=" " tag="520">
      <subfield code="a">La exposición de Amanda Robledo está llena de armazones que encierran figuras con rasgos humanos. Los fondos están decorados con un edificio clavadito al Palazzo della civiltà del Lavoro de Roma (conocido comúnmente como “El Coliseo cuadrado”). Y el título de la muestra es Aufgabe, una palabra alemana que significa abandono. Pero en la obra de esta joven artista nada es lo que parece, los armazones son mucho más, el edificio no tiene nada que ver con Italia y el nombre de la muestra surgió de repente, de entre las páginas de uno de los libros expuestos.</subfield>
   </datafield>
   <datafield ind1="8" ind2=" " tag="024">
      <subfield code="a">https://hdl.handle.net/20.500.14352/73751</subfield>
   </datafield>
   <datafield ind1="8" ind2=" " tag="024">
      <subfield code="a">https://webs.ucm.es/BUCM/bba/29777.php</subfield>
   </datafield>
   <datafield ind2="0" ind1="0" tag="245">
      <subfield code="a">AUFGABE</subfield>
   </datafield>
</record></metadata></record></GetRecord></OAI-PMH>